00000000nam 2200000zi 4500
0019.922049
003CaOODSP
00520230714152711
006m     o  d f      
007cr bn ||||||||
008230428s2023    onc     ol   f000 0 fre d
040 |aCaOODSP|bfre|erda|cCaOODSP
041 |afre|aeng
043 |an-cn---
0861 |aYB441-12/1-PDF
1101 |aCanada. |bParlement. |bSénat, |eorganisme de publication.
24513|aAn Act to amend the Criminal Code, the Sex Offender Information Registration Act and the International Transfer of Offenders Act = |bLoi modifiant le Code criminel, la Loi sur l'enregistrement de renseignements sur les délinquants sexuels et la Loi sur le transfèrement international des délinquants.
24631|aLoi modifiant le Code criminel, la Loi sur l'enregistrement de renseignements sur les délinquants sexuels et la Loi sur le transfèrement international des délinquants
264 1|a[Ottawa] : |bSenate of Canada = Sénat du Canada, |c2023.
300 |a1 ressource en ligne (ii, 21 pages).
336 |atexte|btxt|2rdacontent/fre
337 |ainformatique|bc|2rdamedia/fre
338 |aressource en ligne|bcr|2rdacarrier/fre
4901 |aProjet de loi S-... ; |vProjet de loi S-12, 1re session, 44e législature
500 |aTitre de la couverture.
500 |a« Première lecture le 26 avril 2023. »
500 |a« L'Honorable Sénateur Gold, C.P. »
520 |a« Le texte modifie le Code criminel, la Loi sur l'enregistrement de renseignements sur les délinquants sexuels et la Loi sur le transfèrement international des délinquants afin notamment » -- Sommaire, page ii.
546 |aTexte en français et en anglais.
61016|aCanada. |tCode criminel.
61016|aCanada. |tLoi sur l'enregistrement de renseignements sur les délinquants sexuels.
61016|aCanada. |tLoi sur le transfèrement international des délinquants.
650 6|aDélinquants sexuels|xDroit|zCanada|vLégislation.
650 6|aDélinquants sexuels|zCanada|xRegistres.
650 6|aVictimes d'abus sexuels|xDroit|zCanada|vLégislation.
650 6|aOrdonnances de non-publication|zCanada.
655 7|aProjets de loi|2rvmgf
791 |tAn Act to amend the Criminal Code, the Sex Offender Information Registration Act and the International Transfer of Offenders Act = |eeng|w(CaOODSP)9.922046
830#0|aProjet de loi S-...|vProjet de loi S-12, 1re session, 44e législature.|w(CaOODSP)9.500666
85640|qPDF|s736 Ko|uhttps://publications.gc.ca/collections/collection_2023/sen/YB441-12-1.pdf
8564 |qHTML|sS.O.|uhttps://www.parl.ca/DocumentViewer/fr/44-1/projet-loi/S-12/premiere-lecture
986 |a91147